00248nam a2200109Ia 4500008004100000041001200041082001100053100001900064245004300083260000600126650000600132221030s9999 xx 000 0 und d aEnglish a105.23 aV. C. Hamacher 0aComputer Organationcby V. C. Hamacher c0 aB